Dictionary of quotations (Record no. 38817)
[ view plain ]
| 000 -LEADER | |
|---|---|
| fixed length control field | 00703nam a22002057a 4500 |
| 005 - DATE AND TIME OF LATEST TRANSACTION | |
| control field | 20100802164256.0 |
| 010 ## - LCCN (DPL NO) | |
| LC control number | ENG-97653 |
| 020 ## - INTERNATIONAL STANDARD BOOK NUMBER | |
| International Standard Book Number | 9788189462963 |
| Terms of availability | 500.00 |
| 020 ## - INTERNATIONAL STANDARD BOOK NUMBER | |
| International Standard Book Number | 8189462962 |
| Terms of availability | 500.00 |
| 035 ## - SYSTEM CONTROL NUMBER | |
| System control number | EN-81136 |
| 037 ## - SOURCE OF ACQUISITION | |
| Source of stock number/acquisition | DBAD/PUB |
| 082 ## - DEWEY DECIMAL CLASSIFICATION NUMBER | |
| Classification number | 808.882 |
| 245 ## - TITLE STATEMENT | |
| Title | Dictionary of quotations |
| Statement of responsibility, etc | complied by Asha Puri |
| 260 ## - PUBLICATION, DISTRIBUTION, ETC. (IMPRINT) | |
| Place of publication, distribution, etc | Jaipur |
| Name of publisher, distributor, etc | Apollo Prakashan |
| Date of publication, distribution, etc | 2009 |
| 270 ## - ADDRESS | |
| Address | Shop No-25 ,Pink City Market, Raja Park |
| City | Jaipur |
| 300 3# - PHYSICAL DESCRIPTION | |
| Extent | 319p. |
| Dimensions | 22cm (Hb) |
| 700 ## - ADDED ENTRY--PERSONAL NAME | |
| Personal name | Puri, Asha |
| 9 (RLIN) | 4629 |
| 942 ## - ADDED ENTRY ELEMENTS (KOHA) | |
| Source of classification or shelving scheme | Dewey Decimal Classification |
| Item type | English Books |
| Classification part | 808.882 |
| Call number suffix | DIC |
| Withdrawn status | Lost status | Not for loan | Collection code | Home library | Current library | Date acquired | Source of acquisition | Cost, normal purchase price | Full call number | Barcode | Copy number | Cost, replacement price | Koha item type |
|---|---|---|---|---|---|---|---|---|---|---|---|---|---|
| Not For Loan | Non-fiction | D.B.Act.Division | D.B.Act.Division | 02/08/2010 | DBAD/PUB | 500.00 | 808.882 DIC | EN-81186 | 1 | 500.00 | English Books |
